| 000 | 01214nam2a22003131 4500 | ||
|---|---|---|---|
| 001 | v19\rc\1929413 | ||
| 005 | 20251118180724.1 | ||
| 035 | _a(NLR Aleph) 005014687 | ||
| 090 |
_a6524871 _c6524871 |
||
| 100 | _a20080404d1913 u y0rusy50 ca | ||
| 101 | 0 | _arus | |
| 102 | _aRU | ||
| 105 | _aacg z ||||| | ||
| 200 | 1 | _a["Пасха"] | |
| 210 | _d1913 | ||
| 215 |
_a[2], 86 с. _cил., портр., нот. |
||
| 461 | 0 |
_1001v19\rc\1929409 _12001#$aБиблиотека еврейской семьи и школы$eЛит.-худож. сб.$fПод ред. М.И. Дайхеса. Вып. 1-10$vВып. 4 _96524829 _cСанкт-Петербург _d1912-1914 _fПод ред. М.И. Дайхеса. Вып. 1-10 _nпаровая скоропеч. М.М. Гутзаца _oЛит.-худож. сб. _p9 т. _tБиблиотека еврейской семьи и школы _vВып. 4 |
|
| 532 | 1 | 3 | _aПасха |
| 801 | 0 |
_aRU _bNLR _gpsbo |
|
| 801 | 0 |
_aRU _bRuMoRGB _2psbo |
|
| 801 | 1 |
_aRU _bProSoft-M _2rusmarc |
|
| 852 |
_aNLR _j37.40.4.10 |
||
| 852 |
_aNLR _j130/4894 |
||
| 899 |
_aRuMoRGB _jN 61a/425 |
||
| 899 |
_aRuMoRGB _jU 359/384 |
||
| 899 | _aБАН | ||
| 899 |
_aRuMoRGB _jF 136/227 |
||
| 942 | _cBOOK | ||
| 980 | _aNB | ||